| 000 | 00781nam a2200241 a 4500 | ||
|---|---|---|---|
| 001 | 22739 | ||
| 003 | BD-RjUL | ||
| 005 | 20211209000839.0 | ||
| 008 | 140309s1955 enk 00000 eng d | ||
| 035 | _a(BD-RjUL)22804 | ||
| 035 | _a(BD-RjUL) | ||
| 040 |
_aBD-RjUL _beng _cBD-RjUL |
||
| 041 | _aeng | ||
| 082 | 0 | 4 |
_a941.0660924 _bPEL 1955 |
| 100 | 1 | 0 |
_aPepys, Samuel, _d1633-1703. _970146 |
| 245 | 1 | 4 |
_aThe letters of Samuel Pepys and his family circle / _cedited by Helen Truesdell Heath. |
| 260 | 0 |
_aOxford : _bClarendon Press, _c1955. |
|
| 300 |
_axl, 253 p. : _bfacsim., geneal. tables, port. ; _c23 cm. |
||
| 500 | _a"Previous editions of the letter": p. 246. | ||
| 600 | 1 | 0 |
_aPepys, Samuel, _d1633-1703. _970150 |
| 700 | 1 | 0 |
_aHeath, Helen Truesdell, _970148 |
| 942 |
_2ddc _cBK |
||
| 999 |
_c22739 _d22739 |
||